000 00303nam a22001337a 4500
003 SGT
082 _a616.89
_bH12L
100 _aLABBATE, LAWRENCE A
245 _aHB. OF PSYCHIATRIC DRUG THERAPY
260 _aINDIA
_bWOLTER KLUWER
_c2012
300 _a306
650 _aPSYCHIATRY
942 _2ddc
_cBK
999 _c14534
_d14534